000 00729cam a22002653a 4500
001 27053
003 PGUSA
005 20140828083601.0
008 081026s2008||||xxu|||||s|||||000 1 eng d
040 _aPGUSA
_beng
042 _adc
050 4 _aPS
100 1 _aRepp, Ed Earl,
_d1900-1979
245 1 4 _aThe Day Time Stopped Moving
_h[electronic resource] /
_cEd Earl Repp
260 _bProject Gutenberg,
_c2008
506 _aPublic domain in the USA.
516 _aElectronic text
653 _aTime -- Fiction
653 _aScience fiction
653 _aShort stories
700 1 _aBeecham, Tom,
_d1926-2000
830 0 _aProject Gutenberg
_v27053
856 4 0 _uhttp://www.gutenberg.org/ebooks/27053
942 _cEB
999 _c256308
_d256308